Marvel Comics - Top 100 most famous Superheroes - Statistics

General Stats
  • This quiz has been taken 1,064 times
  • The average score is 64 of 100
Answer Stats
# Hint Superhero % Correct
01. The First Avenger Captain America
99%
04. The Green Machine Hulk
99%
06. Genius billionaire Iron Man
99%
03. Webshooter Spiderman
99%
02. The Nordic God Thor
99%
05. Adamantium claws Wolverine
98%
19. Can become tiny Ant-Man
96%
20. King of Wakanda Black Panther
96%
15. Russian spy Black Widow
95%
14. He's a racoon? Rocket Racoon
95%
08. Leads the Guardians Starlord
95%
07. Leader of the X-Men Professor X
94%
09. Flame on The Human Torch
94%
17. Blind Lawyer Daredevil
93%
16. Insane 4th-wall breaker Deadpool
93%
18. Can be tiny and fly Wasp
93%
22. Lazer-eyes Cyclops
92%
25. Sorcerer Supreme Dr. Strange
92%
26. Thanos's adoptive daughter Gamora
92%
10. Can stretch himself Mr Fantastic
92%
13. I am ........ Groot
91%
11. You can't see her Invisible Woman
91%
24. Daughter of Magneto Scarlet Witch
91%
27. Rides on a board Silver Surfer
91%
23. Controlls the weather Storm
91%
53. Leader of shield Nick Fury
89%
12. It's clobbering time The Thing
89%
31. The forgettable Avenger Hawkeye
87%
42. Mutant Speedster Quicksilver
86%
35. Devilish Biker Ghost Rider
85%
38. Can create ice Iceman
85%
21. Most powerful X-Men Jean Grey
85%
30. Stark's sidekick War Machine
84%
54. Green, strong lawyer She-Hulk
83%
34. Blue, powerful mutant Beast
81%
33. Card-throwing mutant Gambit
81%
51. Half-immortal vampire hunter Blade
80%
29. Captain's sidekick Falcon
80%
36. Blue, teleporting mutant Nightcrawler
80%
82. King of Asgard Odin
80%
49. Webshooter's female counterpart Spiderwoman
80%
39. Can steal people's powers Rogue
76%
28. He lifted the hammer Vision
76%
41. Superhuman, former pilot Captain Marvel
74%
40. Mutant that can turn metal Colossus
74%
32. The destroyer Drax
74%
50. The UK's own superhero Captain Britain
73%
45. Ex-convict turned street-hero Luke Cage
73%
47. Protector of K'un-Lun Iron Fist
72%
43. Red-dressed, female assassin Elektra
70%
67. Winged mutant Angel
69%
55. Hypersonic voice, doesn't talk Black Bolt
66%
71. The Submariner Namor
66%
90. Is a duck, enough said Howard the Duck
64%
75. Also the Greek god of War Ares
63%
62. Bifrost Bridge defender Heimdall
63%
52. Exacts revenge after tragedy Punisher
62%
68. Also a Greek mythological hero Hercules
61%
48. Shapeshifts into diamonds Emma Frost
60%
46. Former victim turned investigator Jessica Jones
58%
44. Phases through walls Shadowcat
55%
63. Warrior goddess of Asgard Lady Sif
54%
86. Shield agent killed by Loki Phil Coulson
54%
36. Schizophrenic Ex-mercenary Moon Knight
52%
56. Red, magical, prehensile hair Medusa
51%
64. Leader of the .... Corps Nova
51%
66. Burglar turned hero/detective Black Cat
50%
65. The Red Machine Red Hulk
50%
74. Female elite defender of Asgard Valkyrie
50%
61. Brother of Number #22 Havok
49%
60. Creates fireworks Jubilee
48%
88. Sonic scream mutant Banshee
47%
85. Leader of Shield at Times Maria Hill
47%
57. Dog of the Inhumans Lockjaw
41%
92. All powerful nuts eating being? Squirrel Girl
41%
72. Teleporting, dark Mantel Cloak
40%
73. Light counterpart to number #72 Dagger
40%
58. First muslim marvel superhero Miss Marvel
40%
91. Dressed as white wild cat White Tiger
39%
59. Sister of Number #50 Psylocke
38%
77. kinetic energy mutant from future Bishop
37%
83. Wielder of the Ebony Blade Black Knight
36%
87. Product of weapon x program X-23
35%
70. Power of 1 million exploding suns Sentry
34%
69. The Anti-venom Flash Thompson
32%
100. Always first appears in a cocoon Adam Warlock
31%
98. Mutant mistress of magnetism Polaris
31%
99. Brazil who absorbs solar power Sunspot
31%
94. Is accompanied by his tiger Zabu Ka-Zar
24%
96. Propelled through air like rocket Cannonball
23%
89. Cyborg champion of Korbinites Beta Ray Bill
21%
78. Being of pure ionic energy Wonderman
21%
93. Alien dragon and mutant ally Lockheed
20%
76. Britain's common man champion Union Jack
18%
79. Formerly known as "The Cat" Tigra
17%
95. Leader/creator of Alpha Flight Guardian
16%
84. Shield Agent turned superhero Mockingbird
16%
81. Leader of the Wild Pack Silver Sable
9%
97. American Super soldlier Patriot
6%
80. Tech genius street fighter Prowler
5%
No matching quizzes found
Score Distribution
Percent of People with Each Score
Percentile by Number Answered
Your Score History
You have not taken this quiz